[Event "Gijon op 1st"]
[Site "Gijon"]
[Date "2023.06.29"]
[Round "5"]
[White "Strikovic, Aleksa"]
[Black "Odriozola Coscolin, Alex"]
[Result "1-0"]
[WhiteElo "2456"]
[BlackElo "2082"]
[PlyCount "113"]
[EventDate "2023.06.26"]
[EventType "swiss"]
[EventRounds "9"]
[EventCountry "ESP"]
[SourceTitle "EXT 2024"]
[Source "ChessBase"]
[SourceDate "2023.10.10"]
[SourceVersion "1"]
[SourceVersionDate "2023.10.10"]
[SourceQuality "1"]

1. c4 e5 2. g3 Nf6 3. Bg2 d5 4. cxd5 Nxd5 5. Nf3 Nc6 6. 0-0 Be7 7. Nc3 Nb6 8. d3 0-0 9. a3 Be6 10. b4 a5 11. b5 Nd4 12. Nd2 Qc8 13. e3 Nf5 14. Qc2 Rd8 15. Bb2 Qd7 16. Bxb7 Qxd3 17. Qxd3 Rxd3 18. Nf3 Rb8 19. Be4 Rd6 20. Ne2 Nc4 21. Bxe5 Nxe5 22. Nxe5 Bf6 23. Nc6 Rxb5 24. Rab1 Bc4 25. Rxb5 Bxb5 26. Rb1 Bxc6 27. Bxc6 g6 28. Be4 Ne7 29. Rb5 Re6 30. Bd3 Re5 31. Rb7 Rc5 32. f4 Nd5 33. Kf2 Nb6 34. Nd4 Rc3 35. Ke2 Rxa3 36. Rxc7 Ra2+ 37. Nc2 Nd5 38. Rc8+ Kg7 39. e4 Nb4 40. e5 Be7 41. Ke3 Nxc2+ 42. Bxc2 a4 43. Kd3 a3 44. Rc7 Kf8 45. g4 Ra1 46. f5 gxf5 47. gxf5 Ke8 48. f6 Bb4 49. Bb3 Re1 50. Kd4 Re2 51. Bxf7+ Kd8 52. Ra7 Rc2 53. e6 Re2 54. Kc4 Bd6 55. Rd7+ Kc8 56. Rxd6 a2 57. Ra6 1-0

[Event "Mislata op rapid"]
[Site "Mislata"]
[Date "2022.08.19"]
[Round "7"]
[White "Guardiola Guillot, Lucas"]
[Black "Odriozola Coscolin, Alex"]
[Result "1/2-1/2"]
[WhiteElo "2021"]
[BlackElo "2035"]
[PlyCount "124"]
[EventDate "2022.08.15"]
[EventType "swiss (rapid)"]
[EventRounds "8"]
[EventCountry "ESP"]
[SourceTitle "EXT 2024"]
[Source "ChessBase"]
[SourceDate "2023.10.10"]
[SourceVersion "1"]
[SourceVersionDate "2023.10.10"]
[SourceQuality "1"]

1. b3 Nf6 2. Nf3 g6 3. Bb2 Bg7 4. d4 d6 5. Nbd2 0-0 6. g3 c5 7. e3 Nc6 8. Bg2 Qc7 9. 0-0 b6 10. c4 e6 11. Qe2 Bb7 12. Rfd1 Rfd8 13. Rac1 Rac8 14. a3 Qe7 15. d5 exd5 16. Bxf6 Bxf6 17. cxd5 Nd4 18. Nxd4 Bxd4 19. Qd3 Bg7 20. Nc4 Ba6 21. Qd2 Bxc4 22. Rxc4 b5 23. Rc2 Re8 24. Bf1 Qb7 25. Qa5 Rb8 26. a4 bxa4 27. bxa4 Qb6 28. Qb5 Qc7 29. Qc6 Qe7 30. a5 Rec8 31. Qa4 Qb7 32. Rcc1 Rc7 33. a6 Qb4 34. Qc2 Qb2 35. Qe4 Qe5 36. Qd3 Rb4 37. Rc4 Rc8 38. Rb1 Rxb1 39. Qxb1 Qb2 40. Qe4 Qe5 41. Qg4 f5 42. Qf3 Rb8 43. e4 Rf8 44. exf5 Rxf5 45. Qe4 Qxe4 46. Rxe4 Bd4 47. Rf4 Rxf4 48. gxf4 Kf7 49. Kg2 Kf6 50. Kf3 h6 51. h4 Bb2 52. Be2 Bd4 53. Bd3 Bc3 54. Kg4 Be1 55. Kf3 Bc3 56. Ke2 Bd4 57. Bb5 Bc3 58. Bc4 Kf5 59. Kf3 Bd4 60. Bb5 Kf6 61. Kg3 Bc3 62. Kg4 Be1 1/2-1/2